000 00380nam a2200145Ia 4500
008 230917s9999||||xx |||||||||||||| ||und||
040 _e76287
_aMAIN
041 _aEnglish
082 _a658.42 B294A
100 _aBass, Bernard M
245 0 _aAssessment of managers: An international comparison
260 _aNew York
_bFree Press
_c1979
300 _axi, 206 p.
942 _cBK
999 _c212477
_d212477